Southville International School and Colleges
Your cart is empty.
  • Cart
  • Lists
    Public lists Eva Luna New books Lux_list list_1
    Your lists Log in to create your own lists
  • Log in to your account
  • Your cookies
  • Search history
Southville International School and Colleges
  • Advanced search
  • Recent comments
  • Most popular
  • Libraries

Log in to your account

Log in with GOOGLE


If you do not have an external account, but do have a local account, you can still log in:

  1. Home
  2. MARC view: The essential world history /
Normal view MARC view ISBD view

The essential world history / (Record no. 288405)

[ view plain ]
MARC details
000 -LEADER
fixed length control field 01414cam a2200373 a 4500
001 - CONTROL NUMBER
control field 13446803
003 - CONTROL NUMBER IDENTIFIER
control field PILC
005 - DATE AND TIME OF LATEST TRANSACTION
control field 20150819082336.0
008 - FIXED-LENGTH DATA ELEMENTS--GENERAL INFORMATION
fixed length control field 031231s2005 cauab b 001 0 eng
010 ## - LIBRARY OF CONGRESS CONTROL NUMBER
LC control number 2003117126
020 ## - INTERNATIONAL STANDARD BOOK NUMBER
International Standard Book Number 0534627129 (student ed.)
020 ## - INTERNATIONAL STANDARD BOOK NUMBER
International Standard Book Number 0534627161 (instructor's ed.)
020 ## - INTERNATIONAL STANDARD BOOK NUMBER
International Standard Book Number 0534274943 (InfoTrac college ed.)
020 ## - INTERNATIONAL STANDARD BOOK NUMBER
International Standard Book Number 0534627455 (to 1400, chapters 112)
020 ## - INTERNATIONAL STANDARD BOOK NUMBER
International Standard Book Number 0534627145 (vol.2: since 1400, chapters 1329)
020 ## - INTERNATIONAL STANDARD BOOK NUMBER
International Standard Book Number 0534627137 (vol.1: to 1800, chapters 117)
035 ## - SYSTEM CONTROL NUMBER
System control number (DLC) 2003117126
040 ## - CATALOGING SOURCE
Original cataloging agency DLC
Transcribing agency DLC
Modifying agency DLC
042 ## - AUTHENTICATION CODE
Authentication code pcc
050 00 - LIBRARY OF CONGRESS CALL NUMBER
Classification number D 20
Item number .D918 2005
082 00 - DEWEY DECIMAL CLASSIFICATION NUMBER
Classification number 909
100 1# - MAIN ENTRY--PERSONAL NAME
Personal name Duiker, William J.,
Dates associated with a name 1932-
245 14 - TITLE STATEMENT
Title The essential world history /
Statement of responsibility, etc William J. Duiker, Jackson J. Spielvogel.
250 ## - EDITION STATEMENT
Edition statement 2nd edition.
260 ## - PUBLICATION, DISTRIBUTION, ETC. (IMPRINT)
Place of publication, distribution, etc Belmont, CA :
Name of publisher, distributor, etc Thomson/Wadsworth,
Date of publication, distribution, etc 2005.
300 ## - PHYSICAL DESCRIPTION
Extent xxxi, 701 pages :
Other physical details color illustrations ;
Dimensions 28 cm.
500 ## - GENERAL NOTE
General note Includes bibliographical references and index.
546 ## - LANGUAGE NOTE
Language note System requirements for accompanying CD-ROM: Windows 98, ME, or XP with a Pentium II processor; or Mac OS 8.6 or later, PowerPC processor or later.
650 #0 - SUBJECT ADDED ENTRY--TOPICAL TERM
Topical term or geographic name as entry element World history.
700 1# - ADDED ENTRY--PERSONAL NAME
Personal name Spielvogel, Jackson J.,
Dates associated with a name 1939-
906 ## - LOCAL DATA ELEMENT F, LDF (RLIN)
a 7
b cbc
c orignew
d 3
e epcn
f 20
g y-gencatlg
942 ## - ADDED ENTRY ELEMENTS (KOHA)
Source of classification or shelving scheme Library of Congress Classification
Koha item type Books
Holdings
Withdrawn status Lost status Source of classification or shelving scheme Damaged status Home library Current library Shelving location Date acquired Source of acquisition Sub Shelving location Total Checkouts Full call number Barcode Date last seen Price effective from Koha item type Public note
    Library of Congress Classification   Southville International School Affiliated with Foreign Universities Library Southville International School Affiliated with Foreign Universities Library Southville Foreign University Section 08/19/2015 Donation     D 20 .D918 2005 SFU2552 05/15/2018 08/19/2015 Books  
Withdrawn   Library of Congress Classification   Southville International School Affiliated with Foreign Universities Library Southville International School Affiliated with Foreign Universities Library   08/19/2015 Donation     D 20 .D918 2005 SFU2556 05/15/2018 08/19/2015 Books Books donated
Withdrawn   Library of Congress Classification   Southville International School Affiliated with Foreign Universities Library Southville International School Affiliated with Foreign Universities Library   08/19/2015 Donation     D 20 .D918 2005 SFU2557 05/15/2018 08/19/2015 Books Books donated

The essential world history /

APA

Duiker W. J., Spielvogel J. J., . (2005). The essential world history. Belmont, CA: Thomson/Wadsworth.

Chicago

Duiker William J, Spielvogel Jackson J, . 2005. The essential world history. Belmont, CA: Thomson/Wadsworth.

Harvard

Duiker W. J., Spielvogel J. J., . (2005). The essential world history. Belmont, CA: Thomson/Wadsworth.

MLA

Duiker William J, Spielvogel Jackson J, . The essential world history. Belmont, CA: Thomson/Wadsworth. 2005.

  • Place hold
  • Print
  • Cite
  • Add to your cart (remove)
  • Save record
    BIBTEX Dublin Core MARCXML MARC (non-Unicode/MARC-8) MARC (Unicode/UTF-8) MARC (Unicode/UTF-8, Standard) MODS (XML) RIS
  • More searches
    Search for this title in:
    Other Libraries (WorldCat) Other Databases (Google Scholar) Online Stores (Bookfinder.com) Open Library (openlibrary.org)

Exporting to Dublin Core...

SOUTHVILLE LIBRARY

Southville International School and Colleges Library

1281 Tropical Ave. Cor. Luxembourg St., BF Homes International, Las Pinas City

Tel. No. 8256374 / 252358 Loc. 117/146

Powered by Koha